Couleurs du drapeau d'Afrique du Sud - Mort subite - Statistiques

Statistiques générales
  • Ce quiz a été pris 87 fois
  • Le résultat moyen est 5 sur 6
Answers on the Grid
Answers color-coded by a green-red scale on the quiz's grid according to % correct below.
Bleu
Vert
Blanc
Noir
Jaune
Rouge
Violet
Marron
Gris
Orange
Rose
Fushia
Beige
Brun
 
Statistiques - réponses
Réponse % Correct
Noir
87%
Jaune
85%
Rouge
85%
Vert
84%
Blanc
72%
Bleu
72%
Aucun quiz correspondant
Distribution des résultats
% des personnes avec chaque résultat
Percentile par nombre de réponses
Votre historique - résultats
Vous n’avez pas pris ce quiz